书目信息 |
| 题名: |
体育专业英语阅读教材
|
|
| 作者: | 田慧 主编 | |
| 分册: | ||
| 出版信息: | 北京 北京体育大学出版社 2006 |
|
| 页数: | 295页 | |
| 开本: | 20cm | |
| 丛书名: | ||
| 单 册: | ||
| 中图分类: | H319.4 | |
| 科图分类: | ||
| 主题词: | 体育--英语--阅读教学--高等学校--教材 , 英语 , 阅读教学 , 体育 | |
| 电子资源: | ||
| ISBN: | 7-81051-211-0 | |
| 000 | 00844nam0 2200277 450 | |
| 001 | 070730000396 | |
| 005 | 20071015134548.55 | |
| 010 | @a7-81051-211-0@dCNY20.00 | |
| 100 | @a20040514d2006 em y0chiy0110 ea | |
| 101 | 0 | @achi@aeng |
| 102 | @aCN@b110000 | |
| 105 | @ay z 000yy | |
| 200 | 1 | @a体育专业英语阅读教材@Ati yu zhuan ye ying yu yue du jiao cai@f田慧主编 |
| 205 | @a2版 | |
| 210 | @a北京@c北京体育大学出版社@d2006 | |
| 215 | @a295页@d20cm | |
| 304 | @a版权页责任者题: 田慧等编著 | |
| 330 | @a本教材所选36篇文章,不仅包括奥运会大部分项目的介绍,同时还有有关学打高尔夫球及兴奋剂分类等内容。 | |
| 606 | 0 | @a体育@x英语@x阅读教学@x高等学校@j教材 |
| 606 | 0 | @a英语 |
| 606 | 0 | @a阅读教学 |
| 606 | 0 | @a体育 |
| 690 | @aH319.4@v4 | |
| 701 | 0 | @a田慧@Atian hui@c(外语)@4主编 |
| 801 | 0 | @aCN@c20071015 |
| 905 | @dH319.4@eT623 | |
| 体育专业英语阅读教材/田慧主编.-2版.-北京:北京体育大学出版社,2006 |
| 295页;20cm |
| ISBN 7-81051-211-0:CNY20.00 |
| 本教材所选36篇文章,不仅包括奥运会大部分项目的介绍,同时还有有关学打高尔夫球及兴奋剂分类等内容。 |
| ● |
| 相关链接 |
|
|
|
正题名:体育专业英语阅读教材
索取号:H319.4/T623
 
预约/预借
| 序号 | 登录号 | 条形码 | 馆藏地/架位号 | 状态 | 备注 |
| 1 | 650891 | 206508910 | 语言库209/209语言库 18排2列5层/ [索取号:H319.4/T623] | 在馆 | |
| 2 | 650892 | 206508929 | 语言库209/209语言库 18排2列5层/ [索取号:H319.4/T623] | 在馆 | |
| 3 | 650893 | 206508938 | 语言库209/209语言库 18排2列5层/ [索取号:H319.4/T623] | 在馆 | |
| 4 | 650894 | 206508947 | 语言库209/209语言库 18排2列5层/ [索取号:H319.4/T623] | 在馆 |